Statistics for Fastest Land Animals Quiz

Click here to take the quiz!

General Stats

  • This quiz has been taken 23 times
  • The average score is 4 of 11

Answer Stats

HintAnswer% Correct
120.7 km / 75 mphcheetah
100%
80.5 km / 50mphlion
89%
71 km / 44 mphafrican wild dog
39%
88 km / 54.7 mphquarter horse
39%
88.5 km / 55 mphpronghorn
22%
80.5 km / 50 mphwildebeest
22%
74 km / 46 mphgreyhound
17%
80 km / 50 mphhare
17%
71 km / 44 mphkangaroo
11%
88 km / 55 mphspringbok
6%
80 km / 50 mphblackbuck
0%

Score Distribution

Percentile by Number Answered

Percent of People with Each Score

Your Score History

You have not taken this quiz